[Event "POL-ch Blitz U18 Girls"]
[Site "Bydgoszcz"]
[Date "2023.08.31"]
[Round "1"]
[White "Szczotka, Matylda"]
[Black "Wikar, Martyna"]
[Result "0-1"]
[WhiteElo "1449"]
[BlackElo "2136"]
[PlyCount "96"]
[EventDate "2023.08.28"]
[EventType "swiss"]
[EventRounds "9"]
[EventCountry "POL"]
[SourceTitle "EXT 2024"]
[Source "ChessBase"]
[SourceDate "2023.10.10"]
[SourceVersion "1"]
[SourceVersionDate "2023.10.10"]
[SourceQuality "1"]

1. e4 c5 2. Nf3 Nc6 3. d4 cxd4 4. Nxd4 e5 5. Nb3 Nf6 6. Bd3 Be7 7. Nc3 d6 8. 0-0 0-0 9. h3 Be6 10. Be3 Nb4 11. Be2 d5 12. exd5 Nbxd5 13. Nxd5 Nxd5 14. Bc5 Qc7 15. Bxe7 Nxe7 16. Bf3 f5 17. Rc1 Rad8 18. Qe1 e4 19. Be2 Ng6 20. Qb4 Nf4 21. Rfe1 Nxe2+ 22. Rxe2 Qb6 23. Qc3 Rd5 24. Rd2 Rxd2 25. Qxd2 Rd8 26. Qc3 Bf7 27. a3 Qd6 28. Qe3 Qe5 29. c3 f4 30. Qc5 Qe6 31. Na1 e3 32. fxe3 fxe3 33. Re1 e2 34. Qf2 Rd2 35. Qxa7 Rxb2 36. Qb8+ Be8 37. Qg3 Rd2 38. Qf3 Bc6 39. Qg3 Rd1 40. Qf2 Rxe1+ 41. Qxe1 Qe3+ 42. Kh1 Bb5 43. Nc2 Qe4 44. Nb4 Bc4 45. Nc2 Bd5 46. Ne3 Qxe3 47. h4 Qh3+ 48. Kg1 Qxg2# 0-1

[Event "POL-ch U18 Girls"]
[Site "Jastrzebia Gora"]
[Date "2023.??.??"]
[Round "6"]
[White "Anyz, Monika"]
[Black "Szczotka, Matylda"]
[Result "1/2-1/2"]
[WhiteElo "1755"]
[BlackElo "1451"]
[PlyCount "84"]
[EventDate "2023.03.11"]
[EventType "swiss"]
[EventRounds "9"]
[EventCountry "POL"]
[SourceTitle "CBM 213 Extra"]
[Source "ChessBase"]
[SourceDate "2023.05.31"]
[SourceVersion "1"]
[SourceVersionDate "2023.05.31"]
[SourceQuality "1"]

1. e4 e5 2. d4 exd4 3. Qxd4 Nc6 4. Qe3 Nf6 5. Nc3 d6 6. Bc4 Be6 7. Bd3 Qe7 8. Bd2 g6 9. 0-0-0 Bg7 10. f4 0-0-0 11. Nf3 Kb8 12. Nb5 Ng4 13. Qg1 a6 14. Nbd4 Nxd4 15. Nxd4 c5 16. Nxe6 Qxe6 17. c3 Qxa2 18. h3 Nf6 19. Re1 Nd7 20. Kc2 c4 21. Be2 Qa4+ 22. Kb1 Nc5 23. Bd1 Nb3 24. Re2 Rc8 25. Qb6 Qa1+ 26. Kc2 Rc6 27. Qb4 Bf8 28. Qa3 Qxa3 29. bxa3 Bh6 30. g3 Rd8 31. Kb2 Nc5 32. Bc2 Bg7 33. Rhe1 Rdc8 34. Re3 a5 35. a4 Rb6+ 36. Ka2 Rd8 37. g4 Ka8 38. f5 Nd7 39. fxg6 hxg6 40. Rf1 Ne5 41. Rd1 Rh8 42. Rg3 Bf8 1/2-1/2

[Event "POL-ch U18 Girls"]
[Site "Jastrzebia Gora"]
[Date "2023.??.??"]
[Round "4"]
[White "Szczotka, Matylda"]
[Black "Krzyzosiak, Marta"]
[Result "1/2-1/2"]
[WhiteElo "1451"]
[BlackElo "1778"]
[PlyCount "62"]
[EventDate "2023.03.11"]
[EventType "swiss"]
[EventRounds "9"]
[EventCountry "POL"]
[SourceTitle "CBM 213 Extra"]
[Source "ChessBase"]
[SourceDate "2023.05.31"]
[SourceVersion "1"]
[SourceVersionDate "2023.05.31"]
[SourceQuality "1"]

1. e4 c5 2. Nf3 d6 3. d4 cxd4 4. Nxd4 Nf6 5. Nc3 g6 6. Be3 Bg7 7. Be2 0-0 8. 0-0 Nc6 9. h3 a5 10. Re1 a4 11. a3 Nxd4 12. Bxd4 Bd7 13. Bf3 Bc6 14. Qd3 Rb8 15. Nd5 e6 16. Nxf6+ Bxf6 17. Rad1 Qe7 18. Qc3 Bxd4 19. Rxd4 Rfd8 20. Red1 Rd7 21. Qb4 Rbd8 22. Be2 Qg5 23. Bf3 Qe5 24. R1d2 Qc5 25. Be2 Qe5 26. Bf3 h6 27. Rd1 Kh7 28. R1d2 Kg8 29. Rd1 Kh7 30. R1d2 Kg8 31. Rd1 Kh7 1/2-1/2

[Event "POL-ch U16 Girls"]
[Site "Sypniewo"]
[Date "2022.03.25"]
[Round "7"]
[White "Dallemura, Anna"]
[Black "Szczotka, Matylda"]
[Result "1-0"]
[WhiteElo "1518"]
[BlackElo "1479"]
[PlyCount "120"]
[EventDate "2022.03.19"]
[EventType "swiss"]
[EventRounds "9"]
[EventCountry "POL"]
[SourceTitle "CBM 207 Extra"]
[Source "ChessBase"]
[SourceDate "2022.05.31"]
[SourceVersion "1"]
[SourceVersionDate "2022.05.31"]
[SourceQuality "1"]

1. e4 e5 2. Nf3 Nc6 3. Bc4 Bc5 4. c3 Nf6 5. d3 d6 6. Bb3 a6 7. h3 h6 8. Nbd2 Ba7 9. Nf1 Be6 10. Bc2 Ne7 11. Ng3 Ng6 12. 0-0 0-0 13. Be3 Qd7 14. d4 c6 15. Qd2 Qe7 16. Nf5 Bxf5 17. exf5 Nh8 18. dxe5 dxe5 19. Bxa7 Rxa7 20. Qe3 Raa8 21. Qxe5 Qxe5 22. Nxe5 Rad8 23. Nf3 Nd5 24. Bb3 Nf4 25. Rfe1 Rfe8 26. Kf1 Rxe1+ 27. Rxe1 Kf8 28. Rd1 Rxd1+ 29. Bxd1 Ke7 30. Bc2 Kd6 31. Nd2 g6 32. h4 gxf5 33. Bxf5 Nhg6 34. g3 Nd5 35. Ke2 Nge7 36. Bc2 f6 37. Ne4+ Kc7 38. Kf3 b6 39. Nd2 Nc8 40. Kg4 Nde7 41. Kh5 f5 42. Kxh6 Kd6 43. Kg5 Ke6 44. g4 fxg4 45. Kxg4 Nd6 46. h5 Nf7 47. Bb3+ Kf6 48. Bxf7 Kxf7 49. Kg5 Kg7 50. f4 Nd5 51. f5 Nf6 52. h6+ Kf7 53. Nc4 Nh7+ 54. Kf4 b5 55. Ne5+ Ke7 56. Nxc6+ Kd6 57. Nd4 Kd5 58. Kg4 b4 59. Kh5 bxc3 60. bxc3 Kc4 1-0

[Event "POL-ch U16 Girls"]
[Site "Sypniewo"]
[Date "2022.03.19"]
[Round "1"]
[White "Gac Mytych, Sara"]
[Black "Szczotka, Matylda"]
[Result "0-1"]
[WhiteElo "1202"]
[BlackElo "1479"]
[PlyCount "44"]
[EventDate "2022.03.19"]
[EventType "swiss"]
[EventRounds "9"]
[EventCountry "POL"]
[SourceTitle "CBM 207 Extra"]
[Source "ChessBase"]
[SourceDate "2022.05.31"]
[SourceVersion "1"]
[SourceVersionDate "2022.05.31"]
[SourceQuality "1"]

1. e4 e5 2. Bc4 Bc5 3. d3 Nf6 4. Nf3 d6 5. 0-0 Nc6 6. Nc3 h6 7. Na4 Bb6 8. Nxb6 axb6 9. c3 0-0 10. h3 Bd7 11. Re1 Na5 12. Nd2 Nh7 13. b4 Nxc4 14. Nxc4 f5 15. Rf1 f4 16. f3 Ng5 17. Kh2 Nxh3 18. gxh3 Qh4 19. Qe1 Qxh3+ 20. Kg1 Rf6 21. Rf2 Rg6+ 22. Rg2 Qxg2# 0-1

[Event "EU Union-ch U12"]
[Site "Kouty nad Desnou"]
[Date "2017.08.27"]
[Round "9"]
[White "Paknyte, Elzbieta"]
[Black "Szczotka, Matylda"]
[Result "1-0"]
[WhiteElo "1269"]
[BlackElo "1297"]
[PlyCount "63"]
[EventDate "2017.08.19"]
[EventType "swiss"]
[EventRounds "9"]
[EventCountry "CZE"]
[SourceTitle "CBM 180 Extra"]
[Source "ChessBase"]
[SourceDate "2017.10.06"]
[SourceVersion "1"]
[SourceVersionDate "2017.10.06"]
[SourceQuality "1"]

1. e4 e5 2. Nc3 Nf6 3. f4 Nc6 4. fxe5 Nxe5 5. d4 Nc6 6. e5 Ng8 7. Nf3 d5 8. Be3 Bb4 9. Bd3 h6 10. 0-0 Nge7 11. Qe1 Bf5 12. Qe2 Qd7 13. Nd1 g5 14. c3 Ba5 15. Bd2 0-0-0 16. b4 Bb6 17. a4 a5 18. bxa5 Nxa5 19. Bb5 c6 20. Bd3 Bg4 21. Ne3 Rdg8 22. Rab1 Bc7 23. c4 dxc4 24. Bxa5 cxd3 25. Qd2 Bxf3 26. Bxc7 Be2 27. Rxf7 Qe6 28. Qb4 b5 29. Rxe7 Qg6 30. Qa5 Kb7 31. Bd6+ Kc8 32. Qa8# 1-0

[Event "EU Union-ch U12"]
[Site "Kouty nad Desnou"]
[Date "2017.08.25"]
[Round "7"]
[White "Vokoun, Tomas"]
[Black "Szczotka, Matylda"]
[Result "1-0"]
[WhiteElo "1482"]
[BlackElo "1297"]
[PlyCount "107"]
[EventDate "2017.08.19"]
[EventType "swiss"]
[EventRounds "9"]
[EventCountry "CZE"]
[SourceTitle "CBM 180 Extra"]
[Source "ChessBase"]
[SourceDate "2017.10.06"]
[SourceVersion "1"]
[SourceVersionDate "2017.10.06"]
[SourceQuality "1"]

1. e4 e5 2. Nf3 Nc6 3. Nc3 Nf6 4. d4 exd4 5. Nd5 Bc5 6. Bg5 Be7 7. Bxf6 Bxf6 8. Bd3 d6 9. 0-0 0-0 10. Re1 Bg4 11. h3 Bh5 12. Qd2 Bxf3 13. gxf3 Ne5 14. Be2 c6 15. Nxf6+ Qxf6 16. f4 Ng6 17. f5 Nh4 18. Kh1 Qe5 19. Bg4 Qf6 20. Rg1 Kh8 21. Rg3 Rae8 22. Re1 d5 23. exd5 Rxe1+ 24. Qxe1 Nxf5 25. Rf3 g6 26. Qe4 Nd6 27. Qe2 Qg5 28. dxc6 bxc6 29. Ra3 Re8 30. Qd1 Nb5 31. Rb3 f5 32. Bf3 Re6 33. a4 Nc7 34. Rb8+ Kg7 35. Qxd4+ Kh6 36. h4 Re1+ 37. Kh2 Qg1+ 38. Kh3 Qf1+ 39. Kg3 Qg1+ 40. Bg2 Ne6 41. Qd2+ f4+ 42. Kf3 Re5 43. Rd8 Qh2 44. Qc3 Rh5 45. Rd6 Ng7 46. Rd7 Nf5 47. Qh8 Nxh4+ 48. Ke2 f3+ 49. Bxf3 Re5+ 50. Kd3 Nxf3 51. Rxh7+ Kg5 52. Rxh2 Nxh2 53. Qxe5+ Kh6 54. Qxh2+ 1-0

[Event "EU Union-ch U12"]
[Site "Kouty nad Desnou"]
[Date "2017.08.22"]
[Round "4"]
[White "Subjakova, Kristina"]
[Black "Szczotka, Matylda"]
[Result "1-0"]
[WhiteElo "1504"]
[BlackElo "1297"]
[PlyCount "103"]
[EventDate "2017.08.19"]
[EventType "swiss"]
[EventRounds "9"]
[EventCountry "CZE"]
[SourceTitle "CBM 180 Extra"]
[Source "ChessBase"]
[SourceDate "2017.10.06"]
[SourceVersion "1"]
[SourceVersionDate "2017.10.06"]
[SourceQuality "1"]

1. e4 e5 2. Nf3 Nc6 3. Bb5 a6 4. Ba4 Nf6 5. d4 exd4 6. 0-0 b5 7. Bb3 Be7 8. e5 Ng8 9. Re1 Na5 10. Qxd4 Nxb3 11. axb3 Bb7 12. Qg4 Bf8 13. Nc3 Ne7 14. Bg5 h6 15. Bf6 Rg8 16. Qh5 c5 17. Rad1 Qc7 18. Bxe7 Bxe7 19. Qf5 g6 20. Qh3 h5 21. Nd5 Bxd5 22. Rxd5 0-0-0 23. Qg3 g5 24. Nd2 g4 25. Qf4 f6 26. Qe4 h4 27. exf6 Bxf6 28. Rf5 Kb8 29. Rxf6 Rge8 30. Qxe8 Rxe8 31. Rxe8+ Kb7 32. Nf1 c4 33. b4 a5 34. Rff8 Qd6 35. Rb8+ Ka6 36. Ra8+ Kb7 37. Rfb8+ Kc7 38. bxa5 h3 39. a6 Qd5 40. Rb7+ Kd6 41. Ne3 Qd2 42. gxh3 gxh3 43. Rg8 Qe1+ 44. Nf1 Qd1 45. Rg6+ Kc5 46. Rc7+ Kb4 47. a7 Qf3 48. c3+ Ka5 49. Rg8 Qf7 50. a8Q+ Kb6 51. Qb7+ Ka5 52. Ra8# 1-0

[Event "EU Union-ch U12"]
[Site "Kouty nad Desnou"]
[Date "2017.08.20"]
[Round "2"]
[White "Jordan, Felix"]
[Black "Szczotka, Matylda"]
[Result "0-1"]
[WhiteElo "1480"]
[BlackElo "1297"]
[PlyCount "60"]
[EventDate "2017.08.19"]
[EventType "swiss"]
[EventRounds "9"]
[EventCountry "CZE"]
[SourceTitle "CBM 180 Extra"]
[Source "ChessBase"]
[SourceDate "2017.10.06"]
[SourceVersion "1"]
[SourceVersionDate "2017.10.06"]
[SourceQuality "1"]

1. e4 e5 2. Nf3 Nc6 3. Bb5 a6 4. Ba4 Nf6 5. Nc3 b5 6. Bb3 Be7 7. d3 d6 8. Ng5 0-0 9. Nd5 Na5 10. Nxf6+ Bxf6 11. Qh5 Bxg5 12. Bxg5 Qe8 13. Qh4 Nxb3 14. axb3 f6 15. Be3 Qc6 16. Rc1 f5 17. Bd2 fxe4 18. dxe4 Bb7 19. f3 h6 20. Qg4 Kh8 21. 0-0 Rad8 22. Bc3 Qb6+ 23. Kh1 a5 24. Rcd1 b4 25. Bd2 d5 26. Qh4 dxe4 27. Be3 Rxd1 28. Bxb6 Rxf1+ 29. Bg1 exf3 30. h3 f2 0-1